000 01413nam a2200265 i 4500
001 53503
003 ES-MaACL
005 20250705063015.0
007 t|
008 931025e1901 sp ||||1| spa d
110 2 _aAteneo de Madrid.
_bEscuela de Estudios Superiores (1896-1907)
_eisb
_91958
245 1 0 _aEscuela de Estudios Superiores, curso de 1901 a 1902 :
_blista de profesores y asignaturas, programas : memoria de Secretaría referente al curso de 1900 a 1901 /
_cAteneo Científico, Literario y Artístico de Madrid
246 1 _aEscuela de Estudios Superiores, curso de 1901 a 1902 :
_bmemoria de Secretaría referente al curso de 1900 a 1901
260 _aMadrid :
_bAteneo Científico, Literario y Artístico,
_c1901
_f(Estab. Tip. Sucesores de Rivadeneyra)
300 _a69 páginas ;
_c25 cm.
530 _aDisponible en formato digital
610 2 _aAteneo de Madrid.
_bEscuela de Estudios Superiores (1896-1907)-
_vMemorias.
_91960
610 2 _aAteneo de Madrid-
_vObras digitalizadas.
_91930
852 _aES-MaACL
_jB-1625
_cSPB
_xEncuadernado con otras memorias
852 _aES-MaACL
_cDEPOF
_hLegado M. de Lafuente
_jFol-Laf-132
856 4 _uhttp://www.ateneodemadrid.com/biblioteca_digital/folletos/Folletos-0167.pdf
_yVersión en línea
_z(Colección digital del Ateneo de Madrid)
942 _2udc
_cFOLLETOS
_n0
999 _c53503
_d53503